| 000 | 00701nam a22002057a 4500 | ||
|---|---|---|---|
| 999 |
_c11377 _d11377 |
||
| 003 | AR-CdUCM | ||
| 008 | 190403b ||||| |||| 00| 0 spa d | ||
| 040 |
_aMUNICIPALIDAD PROVINCIAL DEL CUSCO _cBIBLIOTECA MUNICIPAL DEL CUSCO |
||
| 082 |
_a869.56 / _bM55 /1948 |
||
| 100 |
_aMieses Burgos, Franklin _928704 |
||
| 245 | _aPresencia de los días / | ||
| 260 |
_aArgentina : _bOrtelli, _c1948. |
||
| 300 |
_a10 páginas ; _c22 cm. |
||
| 505 | _aContenido : Franklin Mieses Burgos una profunda y solitaria voz en la lírica dominicana -- Anillo de dios -- Las dos rosas ... | ||
| 650 |
_aPoemas _9929 |
||
| 650 |
_aLírica _95909 |
||
| 650 |
_aArgentina _9511 |
||
| 942 |
_2ddc _cLIBROS |
||
| 945 | _arah | ||